[Event "AUTO-ELITE-2573"]
[Site "http://www.queenalice.com/game.php?id=1853327"]
[Date "2025.3.5"]
[Round "1"]
[White "trompmaster"]
[Black "GUKI"]
[Result "1/2-1/2"]
[WhiteElo "2436"]
[BlackElo "2401"]

1. d4 Nf6 2. c4 e6 3. Nc3 d5 4. Nf3 Bb4 5. Bg5 h6 6. Bxf6 Qxf6 7. e3 O-O 8. Rc1
dxc4 9. Bxc4 c5 10. O-O cxd4 11. exd4 Rd8 12. Qe2 Nc6 13. d5 Bxc3 14. dxc6 Ba5
15. b4 Bc7 16. Bxe6 Re8 17. cxb7 Bxb7 18. Rxc7 Rxe6 19. Qd3 Rd8 20. Qc3 Bxf3 21.
Qxf3 Qxf3 22. gxf3 Rg6+ 23. Kh1 Ra6 24. Rfc1 Rxa2 25. Rc8 Rxc8 26. Rxc8+ Kh7 27.
Kg2 g5 28. b5 Rb2 29. Rc7 Kg7 30. Rxa7 Rxb5 31. f4 gxf4 32. Kf3 Rh5 33. Kg2 Kg6
34. Ra4 Rg5+ 35. Kf3 Rh5 36. Kg2 Kg5 37. f3 f6 38. Rb4 Kf5 39. Ra4 Rg5+ 40. Kf2
Rg8 41. Ra5+ Kg6 42. Ra4 Kf5 43. Ra5+ Kg6 44. Ra4 Kg5 45. h4+ Kxh4 46. Rxf4+ Kh5
47. Rxf6 Kg5 48. Ra6 h5 49. Ra1 Kf4 50. Rh1 Rh8 51. Rb1 h4 52. Rb4+ Kf5 53. Kg1
Rh7 54. Ra4 h3 55. Kh2 Kg5 56. Rg4+ Kf5 57. Rg3 Kf4 1/2-1/2

[Event "AUTO-ELITE-2573"]
[Site "http://www.queenalice.com/game.php?id=1853328"]
[Date "2025.3.5"]
[Round "1"]
[White "GUKI"]
[Black "trompmaster"]
[Result "1-0"]
[WhiteElo "2386"]
[BlackElo "2445"]

1. e4 d6 2. d4 Nf6 3. Nc3 e5 4. Nf3 Nbd7 5. Bc4 h6 6. a4 Be7 7. Be3 c6 8. Qe2
Qc7 9. Bb3 Ng4 10. Bd2 exd4 11. Nxd4 Nc5 12. h3 Nxb3 13. Nxb3 Nf6 14. O-O-O O-O
15. g4 d5 16. e5 Nd7 17. f4 Re8 18. Kb1 Bf8 19. Qf2 Nb6 20. Rhg1 Nc4 21. Bc1 Qb6
22. Qf3 Qb4 23. Nd4 Bc5 24. Nce2 Bxd4 25. Nxd4 c5 26. Nb5 Re7 27. Nd6 Nxd6 28.
exd6 Re8 29. g5 Bf5 30. gxh6 g6 31. d7 Bxd7 32. Qxd5 Be6 33. Qg5 Qxa4 34. b3
Bxb3 35. cxb3 Qe4+ 36. Kb2 Qe7 37. f5 Qxg5 38. Bxg5 Re2+ 39. Kb1 Rh2 40. Rd7
Rxh3 41. fxg6 fxg6 42. Rg7+ Kh8 43. Rxb7 Rf8 44. Bc1 1-0

[Event "AUTO-ELITE-2575"]
[Site "http://www.queenalice.com/game.php?id=1854001"]
[Date "2025.3.16"]
[Round "1"]
[White "GUKI"]
[Black "beteljeuxe"]
[Result "1/2-1/2"]
[WhiteElo "2415"]
[BlackElo "2557"]

1. e4 e5 2. Nf3 Nc6 3. Bb5 a6 4. Ba4 Nf6 5. O-O Be7 6. Re1 b5 7. Bb3 O-O 8. a4
b4 9. a5 d6 10. d3 Be6 11. Bxe6 fxe6 12. Nbd2 Rb8 13. c3 Rb5 14. Qe2 Qe8 15. d4
bxc3 16. bxc3 Nh5 17. g3 exd4 18. Nxd4 Nxd4 19. cxd4 Nf6 20. Nf3 h6 21. Kg2 Qa8
22. Ra2 Qb7 23. h4 Bd8 24. Qc4 d5 25. exd5 exd5 26. Qc2 Ne4 27. Ba3 Rf6 28. Re2
Rc6 29. Qd1 Rc4 30. Ne5 Rb1 31. Reb2 Qxb2 1/2-1/2

[Event "AUTO-OPEN-4577"]
[Site "http://www.queenalice.com/game.php?id=1861452"]
[Date "2025.8.11"]
[Round "2"]
[White "GUKI"]
[Black "rockaudrey"]
[Result "1-0"]
[WhiteElo "2409"]
[BlackElo "2286"]

1. e4 c5 2. Nf3 d6 3. d4 cxd4 4. Nxd4 Nf6 5. Nc3 a6 6. Bg5 e6 7. f4 Qc7 8. Bxf6
gxf6 9. Qf3 b5 10. Bd3 Bb7 11. O-O-O b4 12. Nd5 Bxd5 13. exd5 e5 14. fxe5 dxe5
15. d6 Qxd6 16. Nf5 Qb6 17. Qxa8 Rg8 18. Bxa6 Bc5 19. Bb7 1-0

[Event "AUTO-OPEN-4577"]
[Site "http://www.queenalice.com/game.php?id=1861453"]
[Date "2025.8.11"]
[Round "2"]
[White "rockaudrey"]
[Black "GUKI"]
[Result "0-1"]
[WhiteElo "2295"]
[BlackElo "2403"]

1. e4 c5 2. Nf3 d6 3. d4 cxd4 4. Nxd4 Nf6 5. Nc3 a6 6. f3 e5 7. Nb3 Be6 8. Bg5
Be7 9. Qd2 Nbd7 10. O-O-O O-O 11. h4 Qc7 12. g4 b5 13. Kb1 b4 14. Nd5 Bxd5 15.
Bxf6 Nxf6 16. exd5 Qb6 17. Nc1 Rfc8 18. h5 h6 0-1

[Event "AUTO-OPEN-4576"]
[Site "http://www.queenalice.com/game.php?id=1862998"]
[Date "2025.9.14"]
[Round "2"]
[White "GUKI"]
[Black "dave_j"]
[Result "1-0"]
[WhiteElo "2400"]
[BlackElo "1943"]

1. e4 e5 2. Nf3 Nc6 3. Bb5 d6 4. d4 Bd7 5. Bxc6 Bxc6 6. Nc3 Nf6 7. Qe2 h6 8.
dxe5 dxe5 9. Nxe5 Bd7 10. Bd2 a6 11. O-O-O Bd6 12. Nxd7 Nxd7 13. e5 Qe7 14. exd6
Qxe2 15. Nxe2 cxd6 16. Nd4 g6 17. Rhe1+ Kf8 18. Nb3 Re8 19. Na5 b5 20. Nb7 1-0

[Event "AUTO-OPEN-4576"]
[Site "http://www.queenalice.com/game.php?id=1862999"]
[Date "2025.9.14"]
[Round "2"]
[White "dave_j"]
[Black "GUKI"]
[Result "0-1"]
[WhiteElo "1945"]
[BlackElo "2385"]

1. e4 c5 2. Bc4 e6 3. Nf3 Nf6 4. d3 d5 5. Bb5+ Bd7 6. Bxd7+ Qxd7 7. exd5 Nxd5 8.
Bd2 Nc6 9. c4 Ndb4 10. Bxb4 cxb4 11. b3 g5 12. g4 h5 13. Nxg5 hxg4 14. Ne4 O-O-O
15. Nbd2 f5 16. Ng3 Ne5 17. d4 Nd3+ 0-1

[Event "AUTO-OPEN-4576"]
[Site "http://www.queenalice.com/game.php?id=1863000"]
[Date "2025.9.14"]
[Round "2"]
[White "GUKI"]
[Black "Wilson"]
[Result "1-0"]
[WhiteElo "2384"]
[BlackElo "1492"]

1. e4 e5 2. Nf3 d6 3. d4 Nf6 4. dxe5 Nxe4 5. Qd5 Bf5 6. Bc4 Be6 7. Qxb7 Nxf2 8.
Bxe6 Nd7 9. Bxd7+ Kxd7 10. Kxf2 Rb8 11. Qxa7 Be7 12. Rd1 Ke6 13. Nc3 f6 14. Nd4+
Kd7 15. Qa4+ c6 16. Qxc6# 1-0

[Event "AUTO-OPEN-4576"]
[Site "http://www.queenalice.com/game.php?id=1863001"]
[Date "2025.9.14"]
[Round "2"]
[White "Wilson"]
[Black "GUKI"]
[Result "0-1"]
[WhiteElo "1490"]
[BlackElo "2402"]

1. e4 c5 2. Bc4 e6 3. Nf3 Nf6 4. Nc3 a6 5. O-O b5 6. Nxb5 axb5 7. Bxb5 Nxe4 8.
d3 Nf6 9. Bf4 Bb7 10. Ne5 Be7 11. Bg5 O-O 12. c4 h6 13. Be3 d6 14. Nc6 Nxc6 15.
Bxc6 Bxc6 16. f3 d5 17. b3 e5 18. f4 d4 19. fxe5 dxe3 20. exf6 Bxf6 21. Rc1 Rxa2
22. Rc2 Bd4 23. Re2 Qg5 24. Kh1 Bxg2+ 25. Rxg2 Qxg2# 0-1

[Event "Let's Play Chess!"]
[Site "http://www.queenalice.com/game.php?id=1865676"]
[Date "2025.11.16"]
[Round "-"]
[White "StarWarsJedi"]
[Black "GUKI"]
[Result "1/2-1/2"]
[WhiteElo "2164"]
[BlackElo "2418"]

1. e4 c5 2. Nf3 d6 3. d4 cxd4 4. Nxd4 Nf6 5. Nc3 a6 6. Bg5 Nbd7 7. f4 Qc7 8. Qf3
e6 9. O-O-O b5 10. Bd3 Bb7 11. Rhe1 Be7 12. Qg3 b4 13. Nd5 exd5 14. exd5 Kd8 15.
Nc6+ Bxc6 16. dxc6 Qxc6 1/2-1/2